[Event "Groningen op 59th"]
[Site "Groningen"]
[Date "2023.12.30"]
[Round "9"]
[White "Jaiveer, Mahendru"]
[Black "Kollen, Zyon"]
[Result "1-0"]
[WhiteElo "2294"]
[BlackElo "2318"]
[PlyCount "93"]
[EventDate "2023.12.21"]
[EventType "swiss"]
[EventRounds "9"]
[EventCountry "NED"]
[SourceTitle "CB04_2024"]
[SourceDate "2023.10.16"]
[SourceVersion "1"]
[SourceVersionDate "2023.10.16"]
[SourceQuality "1"]

1. e4 e5 2. Nf3 Nc6 3. Bc4 Bc5 4. c3 Nf6 5. d4 exd4 6. e5 d5 7. Bb5 Ne4 8. cxd4 Bb4+ 9. Bd2 Bxd2+ 10. Nbxd2 Bd7 11. Rc1 0-0 12. Bxc6 Bxc6 13. 0-0 a5 14. Qb3 Ra6 15. Qe3 Rb6 16. b3 a4 17. Nxe4 dxe4 18. Nd2 axb3 19. axb3 Qd7 20. Rfd1 Qf5 21. Rc5 Rd8 22. d5 Rxd5 23. Rxd5 Bxd5 24. Qc5 Qe6 25. Nxe4 Rc6 26. Qd4 h6 27. Nc5 Qe7 28. b4 Be6 29. Qe4 Rb6 30. f4 g6 31. h3 h5 32. Qd4 Kg7 33. Ra1 Rc6 34. Ra8 b6 35. Nxe6+ Rxe6 36. Kh2 g5 37. g3 gxf4 38. gxf4 Qh4 39. Qe3 Kh7 40. Rf8 Kg7 41. Rb8 Kh7 42. b5 Rg6 43. Rc8 Rg4 44. e6 fxe6 45. Rxc7+ Kh6 46. f5+ Rf4 47. Qxe6+ 1-0

[Event "Groningen op 59th"]
[Site "Groningen"]
[Date "2023.12.28"]
[Round "7"]
[White "Beerdsen, Thomas"]
[Black "Kollen, Zyon"]
[Result "1-0"]
[WhiteElo "2511"]
[BlackElo "2318"]
[PlyCount "55"]
[EventDate "2023.12.21"]
[EventType "swiss"]
[EventRounds "9"]
[EventCountry "NED"]
[SourceTitle "CB04_2024"]
[SourceDate "2023.10.16"]
[SourceVersion "1"]
[SourceVersionDate "2023.10.16"]
[SourceQuality "1"]

1. e4 e6 2. d4 d5 3. e5 c5 4. c3 Qb6 5. Nf3 Nc6 6. Bd3 cxd4 7. 0-0 Bd7 8. Re1 Nh6 9. Bxh6 Qxb2 10. Bc1 Qxa1 11. Qb3 Na5 12. Qc2 Bc5 13. Bd2 Rc8 14. Rc1 0-0 15. Na3 Qxc1+ 16. Bxc1 dxc3 17. Bxh7+ Kh8 18. Ng5 f6 19. Bg8 Bxf2+ 20. Kh1 f5 21. Qxf2 Kxg8 22. Qh4 Rfe8 23. Nb5 Nc4 24. Qh7+ Kf8 25. Qh8+ Ke7 26. Qxg7+ Kd8 27. Nf7+ Ke7 28. Bg5# 1-0

[Event "BL2-Nord 2122"]
[Site "Germany"]
[Date "2022.06.19"]
[Round "8.1"]
[White "Kollen, Zyon"]
[Black "Sawlin, Leonid"]
[Result "0-1"]
[WhiteElo "2376"]
[BlackElo "2405"]
[PlyCount "76"]
[EventDate "2022.03.05"]
[EventType "team-tourn"]
[EventRounds "10"]
[EventCountry "GER"]
[SourceTitle "EXT 2023"]
[Source "ChessBase"]
[SourceDate "2022.10.05"]
[SourceVersion "1"]
[SourceVersionDate "2022.10.05"]
[SourceQuality "1"]
[WhiteTeam "Lingen"]
[BlackTeam "Zehlendorf"]
[WhiteTeamCountry "GER"]
[BlackTeamCountry "GER"]

1. e4 g6 2. d4 Bg7 3. Nc3 d6 4. Be3 a6 5. Qd2 b5 6. f3 Nd7 7. d5 Bb7 8. Nge2 c5 9. dxc6 Bxc6 10. Nd4 Bb7 11. 0-0-0 Nb6 12. Bd3 Rc8 13. Kb1 Nf6 14. g4 Nfd7 15. h4 Ne5 16. h5 Nec4 17. Bxc4 Nxc4 18. Qd3 b4 19. h6 Be5 20. Nce2 0-0 21. f4 Bh8 22. Bc1 e5 23. Nf5 gxf5 24. gxf5 Bf6 25. fxe5 Bxe5 26. Rdg1+ Kh8 27. Rg7 d5 28. f6 dxe4 29. Qh3 Qxf6 30. Rf1 Qc6 31. Qf5 Na3+ 32. Ka1 Nxc2+ 33. Kb1 Bxg7 34. hxg7+ Kxg7 35. Rh1 Qg6 36. Rg1 e3 37. Rg4 Rfe8 38. Nf4 Na3+ 0-1

[Event "BL2-Nord 2122"]
[Site "Germany"]
[Date "2022.05.15"]
[Round "6.1"]
[White "Schmidek, Emil"]
[Black "Kollen, Zyon"]
[Result "1-0"]
[WhiteElo "2383"]
[BlackElo "2376"]
[PlyCount "55"]
[EventDate "2022.03.05"]
[EventType "team-tourn"]
[EventRounds "10"]
[EventCountry "GER"]
[SourceTitle "EXT 2023"]
[Source "ChessBase"]
[SourceDate "2022.10.05"]
[SourceVersion "1"]
[SourceVersionDate "2022.10.05"]
[SourceQuality "1"]
[WhiteTeam "Berlin SF II"]
[BlackTeam "Lingen"]
[WhiteTeamCountry "GER"]
[BlackTeamCountry "GER"]

1. d4 e6 2. c4 Nf6 3. Nc3 Bb4 4. Bd2 0-0 5. Nf3 b6 6. e3 Bb7 7. Bd3 d6 8. 0-0 Nbd7 9. a3 Bxc3 10. Bxc3 Ne4 11. Be1 c5 12. Nd2 Nxd2 13. Bxd2 Qg5 14. f3 cxd4 15. exd4 Qf6 16. Bc3 d5 17. Qa4 Rfd8 18. c5 Qf4 19. Bb5 Nf6 20. c6 Bc8 21. Be1 a6 22. Bg3 Qe3+ 23. Bf2 Qf4 24. Bg3 Qe3+ 25. Bf2 Qf4 26. Rac1 Bd7 27. cxd7 axb5 28. Qxa8 1-0

[Event "BL2-Nord 2122"]
[Site "Germany"]
[Date "2022.04.30"]
[Round "3.1"]
[White "Kollen, Zyon"]
[Black "Feuerstack, Aljoscha"]
[Result "1-0"]
[WhiteElo "2376"]
[BlackElo "2488"]
[PlyCount "95"]
[EventDate "2022.03.05"]
[EventType "team-tourn"]
[EventRounds "10"]
[EventCountry "GER"]
[SourceTitle "EXT 2023"]
[Source "ChessBase"]
[SourceDate "2022.10.05"]
[SourceVersion "1"]
[SourceVersionDate "2022.10.05"]
[SourceQuality "1"]
[WhiteTeam "Lingen"]
[BlackTeam "St Pauli"]
[WhiteTeamCountry "GER"]
[BlackTeamCountry "GER"]

1. e4 e5 2. Nf3 Nf6 3. Nxe5 d6 4. Nf3 Nxe4 5. Nc3 Nxc3 6. dxc3 Be7 7. Be3 0-0 8. Qd2 Nd7 9. 0-0-0 Nf6 10. Bd3 c5 11. Rhe1 Be6 12. Kb1 Qa5 13. c4 Qxd2 14. Nxd2 Rfe8 15. h3 Rad8 16. Ne4 b6 17. Bf4 h6 18. Ng3 d5 19. Nf5 Bf8 20. cxd5 Nxd5 21. Bd2 Nb4 22. Bxb4 cxb4 23. Bb5 Rxd1+ 24. Rxd1 Rc8 25. Nd4 Bd5 26. f3 Bb7 27. Bd7 Rc5 28. Rd2 Re5 29. Kc1 Bc5 30. Kd1 Rg5 31. h4 Rh5 32. Nb3 Rxh4 33. Nxc5 bxc5 34. Bb5 a6 35. Rd8+ Kh7 36. Bd3+ g6 37. Rd7 c4 38. Rxf7+ Kg8 39. Bxg6 Bd5 40. Rd7 Bc6 41. Rc7 Bb5 42. Be4 Rh5 43. Kd2 Kf8 44. Ke3 Rh1 45. f4 Rb1 46. f5 Rxb2 47. f6 b3 48. Bg6 1-0

[Event "NED-chT 2122"]
[Site "Netherlands"]
[Date "2022.04.23"]
[Round "9.2"]
[White "Kollen, Zyon"]
[Black "Bezemer, Arno J"]
[Result "1/2-1/2"]
[WhiteElo "2347"]
[BlackElo "2283"]
[PlyCount "90"]
[EventDate "2021.09.18"]
[EventType "team-tourn"]
[EventRounds "9"]
[EventCountry "NED"]
[SourceTitle "EXT 2023"]
[Source "ChessBase"]
[SourceDate "2022.10.05"]
[SourceVersion "1"]
[SourceVersionDate "2022.10.05"]
[SourceQuality "1"]
[WhiteTeam "Charlois Europoort"]
[BlackTeam "Caissa"]
[WhiteTeamCountry "NED"]
[BlackTeamCountry "NED"]

1. Nf3 c5 2. e4 d6 3. d4 cxd4 4. Nxd4 Nf6 5. Nc3 a6 6. Be3 e5 7. Nb3 Be7 8. f3 Be6 9. Qd2 0-0 10. 0-0-0 Nbd7 11. g4 b5 12. g5 Nh5 13. Nd5 Bxd5 14. exd5 f6 15. Na5 fxg5 16. Nc6 Qe8 17. Nxe7+ Qxe7 18. Bxg5 Qe8 19. Bh3 Nf4 20. Be6+ Kh8 21. Rhg1 Nc5 22. b3 Ncxe6 23. dxe6 Nxe6 24. Qxd6 Nd4 25. Rg2 Nxf3 26. Be3 Nh4 27. Rgd2 Nf5 28. Qc5 Rc8 29. Qb6 Qe7 30. Rd7 Qb4 31. Bd2 Qe4 32. Rc7 Nd4 33. Re1 Qf5 34. Kb2 h6 35. Rg1 Rxc7 36. Qxc7 Rf7 37. Qc5 Qf2 38. Qxe5 Qxd2 39. Qe8+ Kh7 40. Qxf7 Qxc2+ 41. Ka1 Qc3+ 42. Kb1 Qd3+ 43. Kb2 Qe2+ 44. Kb1 Qe4+ 45. Kb2 Qe2+ 1/2-1/2

[Event "NED-chT 2122"]
[Site "Netherlands"]
[Date "2021.10.09"]
[Round "2.3"]
[White "Suvorov, Alexander David"]
[Black "Kollen, Zyon"]
[Result "1/2-1/2"]
[WhiteElo "2391"]
[BlackElo "2347"]
[PlyCount "86"]
[EventDate "2021.09.18"]
[EventType "team-tourn"]
[EventRounds "9"]
[EventCountry "NED"]
[SourceTitle "EXT 2023"]
[Source "ChessBase"]
[SourceDate "2022.10.05"]
[SourceVersion "1"]
[SourceVersionDate "2022.10.05"]
[SourceQuality "1"]
[WhiteTeam "Zuid Limburg"]
[BlackTeam "Charlois Europoort"]
[WhiteTeamCountry "NED"]
[BlackTeamCountry "NED"]

1. d4 e6 2. c4 Nf6 3. Nc3 Bb4 4. e3 0-0 5. Bd2 b6 6. Nf3 Bb7 7. Bd3 c5 8. a3 Ba5 9. dxc5 bxc5 10. 0-0 Bxf3 11. Qxf3 Nc6 12. Qe2 Rb8 13. Rab1 Qe7 14. Na4 d5 15. cxd5 exd5 16. Bxa5 Nxa5 17. Rfd1 Rfd8 18. Qf3 Nb3 19. Nc3 d4 20. exd4 Rxd4 21. Re1 Qd8 22. Rbd1 c4 23. Bf1 Nd2 24. Qc6 Rd6 25. Qa4 Rxb2 26. Qxa7 Rb3 27. Rc1 Nxf1 28. Kxf1 Rd3 29. Ne2 Rxa3 30. Qc5 Ne4 31. Qe5 Nd2+ 32. Kg1 Rd5 33. Qf4 h6 34. Ng3 Raa5 35. h4 Rac5 36. Rc3 Rd4 37. Qe3 Rcd5 38. h5 Rd3 39. Rxd3 Rxd3 40. Qe5 Rd5 41. Qc3 Rd3 42. Qe5 Rd5 43. Qc3 Rd3 1/2-1/2

[Event "NED-chT 2122"]
[Site "Netherlands"]
[Date "2021.09.18"]
[Round "1.7"]
[White "Kollen, Zyon"]
[Black "Dek, Lennart"]
[Result "1-0"]
[WhiteElo "2347"]
[BlackElo "2293"]
[PlyCount "75"]
[EventDate "2021.09.18"]
[EventType "team-tourn"]
[EventRounds "9"]
[EventCountry "NED"]
[SourceTitle "EXT 2023"]
[Source "ChessBase"]
[SourceDate "2022.10.05"]
[SourceVersion "1"]
[SourceVersionDate "2022.10.05"]
[SourceQuality "1"]
[WhiteTeam "Charlois Europoort"]
[BlackTeam "Kennemer Combinatie"]
[WhiteTeamCountry "NED"]
[BlackTeamCountry "NED"]

1. e4 c5 2. Nf3 Nc6 3. d4 cxd4 4. Nxd4 Nf6 5. Nc3 e5 6. Ndb5 d6 7. Bg5 a6 8. Na3 b5 9. Nd5 Be7 10. Bxf6 Bxf6 11. c4 b4 12. Nc2 0-0 13. Bd3 a5 14. 0-0 Bg5 15. b3 Be6 16. Qe2 g6 17. Nce3 Bh6 18. f3 f5 19. exf5 gxf5 20. Rad1 Ra7 21. Kh1 Kh8 22. f4 e4 23. Bb1 Bg7 24. g4 Nd4 25. Qg2 fxg4 26. Qxe4 Bf5 27. Nxf5 Nxf5 28. Qe6 Raf7 29. Bxf5 Rxf5 30. Rg1 h5 31. Rde1 Kh7 32. Qe4 Kh8 33. Ne7 Qd7 34. Nxf5 Rxf5 35. Rgf1 Qf7 36. Kg2 Bc3 37. Qe8+ Kg7 38. Re7 1-0

[Event "Groningen op 57th"]
[Site "Groningen"]
[Date "2019.12.21"]
[Round "1"]
[White "Harshini, A."]
[Black "Kollen, Zyon"]
[Result "0-1"]
[WhiteElo "2076"]
[BlackElo "2347"]
[PlyCount "126"]
[EventDate "2019.12.21"]
[EventType "swiss"]
[EventRounds "9"]
[EventCountry "NED"]
[SourceTitle "CBM 194 Extra"]
[Source "ChessBase"]
[SourceDate "2020.03.31"]
[SourceVersion "1"]
[SourceVersionDate "2020.03.31"]
[SourceQuality "1"]

1. e4 e6 2. d4 d5 3. Nc3 Bb4 4. e5 c5 5. a3 Bxc3+ 6. bxc3 Ne7 7. Qg4 Kf8 8. Bd3 Qa5 9. Bd2 Qa4 10. c4 Nbc6 11. Nf3 cxd4 12. 0-0 dxc4 13. Nxd4 Nxe5 14. Qe4 f6 15. f4 Nxd3 16. cxd3 Kf7 17. Bb4 Nc6 18. Rac1 a5 19. Bc5 Nxd4 20. Rxc4 Qd7 21. Bxd4 b5 22. Qxa8 bxc4 23. Bc3 cxd3 24. Bxa5 Qd4+ 25. Kh1 Re8 26. Qf3 Qc5 27. Bb4 Qd5 28. Qxd5 exd5 29. Re1 Rd8 30. Kg1 Bf5 31. Re7+ Kg6 32. Kf2 Rc8 33. Bd2 Rc2 34. Ke1 Ra2 35. Ra7 Ra1+ 36. Kf2 h5 37. h4 Be4 38. Ra4 Ra2 39. Ke3 Bxg2 40. Kxd3 Be4+ 41. Ke3 Kf5 42. Ra7 d4+ 43. Ke2 Bc6 44. Rxg7 Bb5+ 45. Kd1 Rxa3 46. Rh7 Ke4 47. Rxh5 Ra4 48. Kc2 Ra2+ 49. Kc1 Kd3 50. Rxb5 Rc2+ 51. Kb1 Rxd2 52. Rf5 Rh2 53. Rxf6 Kd2 54. Rh6 d3 55. f5 Ke1 56. Re6+ Re2 57. Rg6 Re5 58. f6 d2 59. Rg1+ Kf2 60. Rd1 Ke2 61. f7 Rb5+ 62. Kc2 Rc5+ 63. Kb2 Rc8 0-1

[Event "NED-chT 1920"]
[Site "Netherlands"]
[Date "2019.12.14"]
[Round "4.5"]
[White "Kollen, Zyon"]
[Black "Maatman, Nick"]
[Result "1-0"]
[WhiteElo "2347"]
[BlackElo "2404"]
[PlyCount "101"]
[EventDate "2019.09.28"]
[EventType "team-tourn"]
[EventRounds "9"]
[EventCountry "NED"]
[SourceTitle "CBM 193 Extra"]
[Source "ChessBase"]
[SourceDate "2020.01.31"]
[SourceVersion "1"]
[SourceVersionDate "2020.01.31"]
[SourceQuality "1"]
[WhiteTeam "Charlois Europoort"]
[BlackTeam "Groningen Combinatie"]
[WhiteTeamCountry "NED"]
[BlackTeamCountry "NED"]

1. e4 e6 2. d4 d5 3. Nc3 Bb4 4. exd5 exd5 5. Bd3 Nf6 6. Nge2 0-0 7. a3 Ba5 8. b4 Bb6 9. Na4 Nc6 10. Nxb6 axb6 11. Bg5 h6 12. Bh4 g5 13. Bg3 Nh5 14. f3 Nxg3 15. hxg3 Qf6 16. c3 Re8 17. g4 Bd7 18. 0-0 Qd6 19. Qd2 f6 20. Kf2 Ne7 21. Ng3 Rf8 22. Rfe1 f5 23. gxf5 Nxf5 24. Bxf5 Bxf5 25. Re5 Bd7 26. Qa2 c6 27. c4 Rfe8 28. cxd5 Rxe5 29. dxe5 Qxe5 30. Rd1 c5 31. bxc5 bxc5 32. Ne4 g4 33. Qa1 g3+ 34. Nxg3 Qxa1 35. Rxa1 Kf7 36. Ne4 b6 37. Ke3 Ke7 38. Kf4 Rf8+ 39. Ke3 Ra8 40. g4 Ra4 41. Kf4 Rd4 42. d6+ Kf7 43. Rh1 Kg6 44. Ke5 Rd3 45. Rb1 Rxf3 46. Rxb6 Rf8 47. Nxc5 Bxg4 48. d7+ Kg5 49. Ne6+ Bxe6 50. Rxe6 Ra8 51. Re8 1-0

[Event "Leiden op-A 13th"]
[Site "Leiden"]
[Date "2019.07.20"]
[Round "8"]
[White "Van der Velden, Bram"]
[Black "Kollen, Zyon"]
[Result "1-0"]
[WhiteElo "2176"]
[BlackElo "2362"]
[PlyCount "135"]
[EventDate "2019.07.12"]
[EventType "swiss"]
[EventRounds "9"]
[EventCountry "NED"]
[SourceTitle "EXT 2020"]
[Source "ChessBase"]
[SourceDate "2019.10.17"]
[SourceVersion "1"]
[SourceVersionDate "2019.10.17"]
[SourceQuality "1"]

1. d4 e6 2. c4 Nf6 3. Nc3 Bb4 4. Nf3 b6 5. Qb3 c5 6. dxc5 bxc5 7. a3 Ba5 8. Bd2 Nc6 9. e3 Rb8 10. Qc2 d6 11. Bd3 Qb6 12. Rb1 a6 13. b3 h6 14. 0-0 Ke7 15. Rfd1 Rd8 16. Ne4 Bxd2 17. Rxd2 a5 18. Nxf6 gxf6 19. Rdd1 Bb7 20. Be2 Rg8 21. e4 Ba8 22. Qd2 Rgd8 23. Qxh6 a4 24. b4 cxb4 25. Nh4 Rg8 26. Bh5 Ne5 27. Rxb4 Qc6 28. Rxb8 Rxb8 29. Qe3 Qxe4 30. Qa7+ Qb7 31. Qxa4 Rh8 32. Bf3 Nxf3+ 33. Nxf3 Rg8 34. Rd3 Qb1+ 35. Rd1 Rxg2+ 36. Kxg2 Qg6+ 37. Kf1 Bxf3 38. Rc1 Qd3+ 39. Kg1 Qg6+ 40. Kf1 Qg2+ 41. Ke1 Qg1+ 42. Kd2 Qxf2+ 43. Kc3 e5 44. Qc2 Qd4+ 45. Kb3 f5 46. Qc3 Bd1+ 47. Kb2 Qf2+ 48. Ka1 Bf3 49. c5 Qxc5 50. Qxc5 dxc5 51. Rxc5 Kd6 52. Rc1 f4 53. Kb2 Bg2 54. Kc3 f3 55. Kd2 f5 56. h4 f4 57. h5 Bh3 58. h6 Bf5 59. Rh1 Bh7 60. Ke1 e4 61. Kf2 Ke5 62. Rg1 e3+ 63. Kxf3 Be4+ 64. Ke2 Kd4 65. Rd1+ Ke5 66. Rd7 Bg6 67. h7 Bxh7 68. Ke1 1-0

[Event "NED-chT 1819"]
[Site "Netherlands"]
[Date "2019.04.13"]
[Round "8.6"]
[White "Warmerdam, Max"]
[Black "Kollen, Zyon"]
[Result "1-0"]
[WhiteElo "2420"]
[BlackElo "2350"]
[PlyCount "111"]
[EventDate "2018.09.15"]
[EventType "team-tourn"]
[EventRounds "9"]
[EventCountry "NED"]
[SourceTitle "CBM 189 Extra"]
[Source "ChessBase"]
[SourceDate "2019.06.03"]
[SourceVersion "1"]
[SourceVersionDate "2019.06.03"]
[SourceQuality "1"]
[WhiteTeam "Apeldoorn MuConsult"]
[BlackTeam "Charlois Europoort"]
[WhiteTeamCountry "NED"]
[BlackTeamCountry "NED"]

1. e4 e6 2. d4 d5 3. Nc3 Bb4 4. e5 c5 5. a3 Bxc3+ 6. bxc3 Qa5 7. Bd2 Qa4 8. Qg4 Kf8 9. Nf3 Ne7 10. Bd3 c4 11. Be2 Qxc2 12. 0-0 Nbc6 13. Bd1 Qg6 14. Qh4 h5 15. h3 Bd7 16. Rc1 Na5 17. Bc2 Nf5 18. Qf4 Nb3 19. Rce1 Nxd2 20. Qxd2 h4 21. Qc1 Kg8 22. Qb1 Bc6 23. a4 Re8 24. a5 a6 25. Qb6 Qh6 26. Rb1 g6 27. Nh2 Qd2 28. Qb2 Bb5 29. Ng4 Kg7 30. Rbd1 Qf4 31. Nf6 Rc8 32. Rfe1 Nh6 33. Re3 Ng8 34. Rf3 Qh6 35. Ra1 Nxf6 36. exf6+ Kh7 37. Ba4 Bxa4 38. Rxa4 Rc7 39. Rb4 Rb8 40. Rb6 Qf8 41. Rf4 Qh6 42. Rg4 g5 43. f4 Qxf6 44. fxg5 Qf5 45. Rxh4+ Kg7 46. Qc1 Rh8 47. Rf4 Qd3 48. Qe1 Re7 49. Qe5+ Kg8 50. Rd6 Re8 51. Qf6 Qg6 52. Qxg6+ fxg6 53. Rf6 Rh5 54. Rfxe6 Rxe6 55. Rxe6 Rxg5 56. g4 1-0

[Event "Groningen op 56th"]
[Site "Groningen"]
[Date "2018.12.29"]
[Round "8"]
[White "De Jong, Migchiel"]
[Black "Kollen, Zyon"]
[Result "1-0"]
[WhiteElo "2323"]
[BlackElo "2363"]
[PlyCount "139"]
[EventDate "2018.12.22"]
[EventType "swiss"]
[EventRounds "9"]
[EventCountry "NED"]
[SourceTitle "CBM 188 Extra"]
[Source "ChessBase"]
[SourceDate "2019.02.26"]
[SourceVersion "1"]
[SourceVersionDate "2019.02.26"]
[SourceQuality "1"]

1. e4 e6 2. d4 d5 3. Nc3 Bb4 4. Nge2 Nf6 5. e5 Nfd7 6. a3 Be7 7. f4 c5 8. Be3 Nc6 9. dxc5 Nxc5 10. Nd4 a6 11. Be2 Bd7 12. 0-0 Nxd4 13. Bxd4 Na4 14. Nxa4 Bxa4 15. b3 Bd7 16. Bd3 Qc8 17. Kh1 Bc5 18. c3 Bxd4 19. cxd4 Qc3 20. f5 exf5 21. Bxf5 Bxf5 22. Rxf5 Rc8 23. Rf3 Qc2 24. Qe1 Rc6 25. Qb4 Rg6 26. Rg3 Rxg3 27. hxg3 Qc7 28. Rf1 h5 29. Qa4+ Qc6 30. Rc1 Qxa4 31. bxa4 Rh6 32. Rc5 h4 33. Kh2 hxg3+ 34. Kxg3 Rb6 35. Rxd5 Rb3+ 36. Kf4 Rxa3 37. a5 Ra4 38. g4 Ke7 39. g5 g6 40. Ke4 Ra1 41. Rd6 Rb1 42. Rf6 Rb5 43. Kd3 Rb1 44. Kc4 Rc1+ 45. Kd5 Rb1 46. Ke4 Re1+ 47. Kd5 Rb1 48. Kc5 Rb5+ 49. Kc4 Rb1 50. d5 Rc1+ 51. Kd4 Rd1+ 52. Kc5 Rb1 53. Rb6 Rc1+ 54. Kd4 Rd1+ 55. Ke4 Re1+ 56. Kf4 Rf1+ 57. Kg3 Rg1+ 58. Kf3 Rxg5 59. Rxb7+ Ke8 60. Kf4 Rf5+ 61. Ke4 Rf1 62. d6 Ra1 63. Kd5 Rd1+ 64. Kc6 Rc1+ 65. Kb6 g5 66. Re7+ Kf8 67. Rc7 Rb1+ 68. Kxa6 g4 69. Rc8+ Kg7 70. d7 1-0

[Event "BL2-Nord 1819"]
[Site "Germany"]
[Date "2018.11.11"]
[Round "2.7"]
[White "Kollen, Zyon"]
[Black "Berger, Steve"]
[Result "1/2-1/2"]
[WhiteElo "2363"]
[BlackElo "2435"]
[PlyCount "198"]
[EventDate "2018.11.10"]
[EventType "team-tourn"]
[EventRounds "10"]
[EventCountry "GER"]
[SourceTitle "CBM 190 Extra"]
[Source "ChessBase"]
[SourceDate "2019.07.15"]
[SourceVersion "1"]
[SourceVersionDate "2019.07.15"]
[SourceQuality "1"]
[WhiteTeam "Lingen"]
[BlackTeam "Berlin Tegel"]
[WhiteTeamCountry "GER"]
[BlackTeamCountry "GER"]

1. e4 e6 2. d4 d5 3. Nc3 Nf6 4. Bg5 dxe4 5. Nxe4 Nbd7 6. Nf3 Be7 7. Nxf6+ Bxf6 8. h4 0-0 9. Bd3 c5 10. Qe2 cxd4 11. Qe4 g6 12. Bxf6 Nxf6 13. Qxd4 Qxd4 14. Nxd4 e5 15. Nb5 Bd7 16. 0-0 a6 17. Nd6 Bc6 18. Rfd1 Kg7 19. Nc4 Rfe8 20. Na5 Rac8 21. Nxc6 Rxc6 22. c3 Rb6 23. b3 e4 24. Bc4 Rc6 25. a4 Re5 26. Rac1 Rec5 27. Rd4 b5 28. axb5 axb5 29. Be2 Rxc3 30. Rxc3 Rxc3 31. Rb4 Rc1+ 32. Bf1 Nd5 33. Rxe4 Rb1 34. b4 Kf6 35. g4 Nxb4 36. g5+ Kf5 37. Re7 Nd5 38. Rxf7+ Kg4 39. Rxh7 Nf4 40. Rf7 b4 41. h5 Nxh5 42. Rb7 Nf4 43. Rb5 Kh4 44. Rc5 b3 45. Rb5 Kg4 46. Re5 b2 47. Rb5 Kh4 48. Rb3 Kxg5 49. f3 Nd5 50. Kf2 Nc3 51. Bd3 Rc1 52. Rb6 b1Q 53. Rxg6+ Kf4 54. Rg4+ Ke5 55. Bxb1 Rxb1 56. Rh4 Rb2+ 57. Kg3 Ne2+ 58. Kf2 Nd4+ 59. Kf1 Nxf3 60. Re4+ Kd5 61. Ra4 Nd4 62. Ra8 Nb5 63. Ke1 Ke4 64. Re8+ Kd3 65. Rd8+ Nd4 66. Kf1 Ke3 67. Re8+ Kf4 68. Rf8+ Nf5 69. Ke1 Ra2 70. Kd1 Ke4 71. Re8+ Kd3 72. Ke1 Nd6 73. Rd8 Re2+ 74. Kf1 Re6 75. Ra8 Nc4 76. Kf2 Rf6+ 77. Kg3 Rf7 78. Ra1 Ke2 79. Kg4 Ke3 80. Ra8 Ke4 81. Re8+ Ne5+ 82. Kg3 Rg7+ 83. Kf2 Rg5 84. Ra8 Nd3+ 85. Ke2 Rg2+ 86. Kd1 Nb2+ 87. Ke1 Nd3+ 88. Kd1 Nc5 89. Re8+ Kd3 90. Rd8+ Ke3 91. Re8+ Ne4 92. Kc1 Re2 93. Rd8 Nf6 94. Rd6 Rf2 95. Re6+ Kd4 96. Rd6+ Kc5 97. Rd8 Nd5 98. Rc8+ Kb4 99. Kd1 Rh2 1/2-1/2

[Event "NED-chT 1819"]
[Site "Netherlands"]
[Date "2018.11.03"]
[Round "3.6"]
[White "Kollen, Zyon"]
[Black "Baselmans, Luuk"]
[Result "1/2-1/2"]
[WhiteElo "2350"]
[BlackElo "2025"]
[PlyCount "91"]
[EventDate "2018.09.15"]
[EventType "team-tourn"]
[EventRounds "9"]
[EventCountry "NED"]
[SourceTitle "CBM 187 Extra"]
[Source "ChessBase"]
[SourceDate "2018.11.04"]
[SourceVersion "1"]
[SourceVersionDate "2018.11.04"]
[SourceQuality "1"]
[WhiteTeam "Charlois Europoort"]
[BlackTeam "De Stukkenjagers"]
[WhiteTeamCountry "NED"]
[BlackTeamCountry "NED"]

1. e4 e6 2. d4 d5 3. Nc3 Nf6 4. Bg5 Be7 5. e5 Nfd7 6. Bxe7 Qxe7 7. Qd2 a6 8. f4 c5 9. Nf3 Nc6 10. dxc5 Nxc5 11. 0-0-0 0-0 12. Kb1 b5 13. Bd3 b4 14. Ne2 a5 15. Ned4 Nxd4 16. Nxd4 Ba6 17. Qe3 Rfc8 18. Rc1 a4 19. Bxa6 Rxa6 20. c4 Qb7 21. cxd5 a3 22. b3 Qxd5 23. Rhd1 Rb8 24. Nc6 Qxc6 25. Qxc5 Qb7 26. Rd6 Raa8 27. Qc6 Qa7 28. Qc5 Qb7 29. Qc6 Qa7 30. Rc5 Qe7 31. g3 g6 32. Qd7 Qf8 33. Rc7 Rd8 34. Qc6 Rab8 35. h4 Ra8 36. Rdd7 Rxd7 37. Rxd7 Rc8 38. Qd6 Qe8 39. g4 h5 40. gxh5 gxh5 41. Qd1 Kg7 42. Qd4 Kh8 43. Qd1 Kg7 44. Qd2 Kh7 45. Qd3+ Kh8 46. Qd1 1/2-1/2

[Event "Amsterdam Science Park op-A"]
[Site "Amsterdam"]
[Date "2018.07.15"]
[Round "9"]
[White "Bosboom, Manuel"]
[Black "Kollen, Zyon"]
[Result "1/2-1/2"]
[WhiteElo "2403"]
[BlackElo "2313"]
[PlyCount "116"]
[EventDate "2018.07.07"]
[EventType "swiss"]
[EventRounds "9"]
[EventCountry "NED"]
[SourceTitle "CBM 185 Extra"]
[Source "ChessBase"]
[SourceDate "2018.07.29"]
[SourceVersion "1"]
[SourceVersionDate "2018.07.29"]
[SourceQuality "1"]

1. Nf3 Nf6 2. g3 d5 3. Bg2 e6 4. 0-0 Be7 5. d3 0-0 6. Nbd2 c5 7. e4 Nc6 8. Re1 Qc7 9. c3 b6 10. Qe2 Ba6 11. e5 Nd7 12. h4 Rfe8 13. Nf1 f6 14. exf6 Bxf6 15. N1h2 e5 16. Qc2 Rad8 17. Ng4 Nf8 18. Nxf6+ gxf6 19. Nh2 Qg7 20. Be3 Qg6 21. Qa4 Nb8 22. Ng4 d4 23. Nh6+ Kh8 24. Be4 Qg7 25. cxd4 cxd4 26. Bd2 Ne6 27. b4 Nf4 28. Nf5 Qg4 29. Bxf4 exf4 30. Qd1 Qxd1 31. Raxd1 fxg3 32. fxg3 Bc8 33. Rf1 Bxf5 34. Rxf5 Kg7 35. Rc1 Re7 36. Rh5 h6 37. Rf1 Re5 38. Rhf5 Rxf5 39. Rxf5 Rd6 40. Rf4 Nc6 41. Rg4+ Kf7 42. Rg6 Nxb4 43. a3 Nd5 44. Rxh6 Ne7 45. g4 Re6 46. Rh8 Re5 47. Rd8 f5 48. gxf5 Nxf5 49. Bxf5 Rxf5 50. Rxd4 Ra5 51. a4 Ke6 52. Kf2 b5 53. axb5 Rxb5 54. Rg4 a5 55. Rg6+ Kf7 56. Ra6 Rh5 57. Ke3 Ke7 58. d4 Kd7 1/2-1/2

[Event "Amsterdam Science Park op-A"]
[Site "Amsterdam"]
[Date "2018.07.13"]
[Round "7"]
[White "Lai, Hing Ting"]
[Black "Kollen, Zyon"]
[Result "0-1"]
[WhiteElo "2447"]
[BlackElo "2313"]
[PlyCount "122"]
[EventDate "2018.07.07"]
[EventType "swiss"]
[EventRounds "9"]
[EventCountry "NED"]
[SourceTitle "CBM 185 Extra"]
[Source "ChessBase"]
[SourceDate "2018.07.29"]
[SourceVersion "1"]
[SourceVersionDate "2018.07.29"]
[SourceQuality "1"]

1. Nf3 Nf6 2. g3 e6 3. Bg2 d5 4. 0-0 Be7 5. c4 0-0 6. d4 dxc4 7. Qc2 b6 8. Ne5 Qxd4 9. Nxc4 Nd5 10. Rd1 Qc5 11. e4 Nb4 12. Qb3 Ba6 13. Nba3 N8c6 14. Be3 Qh5 15. h3 Rad8 16. g4 Qh4 17. Nd2 Nd4 18. Bxd4 Rxd4 19. Nf3 Rxd1+ 20. Rxd1 Qf6 21. Nc2 Be2 22. Rd2 Bxf3 23. Bxf3 Qf4 24. Qe3 Bg5 25. h4 Qxe3 26. fxe3 Nxc2 27. hxg5 Nb4 28. Rd7 Rc8 29. e5 Nxa2 30. Bb7 Rb8 31. Rxc7 Nb4 32. Be4 a5 33. Kf2 g6 34. Ke2 Na6 35. Rc4 Nc5 36. Bc6 Kf8 37. b4 axb4 38. Rxb4 Ke7 39. Kf3 Kd8 40. Rd4+ Ke7 41. Bb5 Rd8 42. Kf4 Rd5 43. Rb4 Rd2 44. Kf3 Rd5 45. Kf4 Kd8 46. Rd4 Nb3 47. Rb4 Na5 48. e4 Rc5 49. Rd4+ Kc8 50. Be8 Rc7 51. Bb5 Kb7 52. Rd1 Nc6 53. Rh1 Nd4 54. Bd3 Rc3 55. Rxh7 Rxd3 56. Rxf7+ Ka6 57. Ra7+ Kb5 58. Ra5+ Kb4 59. Ra4+ Kc3 60. Rc4+ Kd2 61. Rc2+ Ke1 0-1